[Event "Lasker 150th Birthday Blitz"]
[Site "Berlin"]
[Date "2018.04.28"]
[Round "7"]
[White "Van Foreest, Jorden"]
[Black "Volokitin, Andrei"]
[Result "0-1"]
[WhiteElo "2631"]
[BlackElo "2632"]
[PlyCount "88"]
[EventDate "2018.04.28"]
[EventType "swiss (blitz)"]
[EventRounds "8"]
[EventCountry "GER"]
[SourceTitle "Mega2018 Update 28"]
[Source "Chessbase"]
[SourceDate "2018.05.04"]
[SourceVersion "1"]
[SourceVersionDate "2018.05.04"]
[SourceQuality "1"]

1. e4 c5 2. Nc3 d6 3. Nge2 Nf6 4. g3 Nc6 5. d4 cxd4 6. Nxd4 Nxd4 7. Qxd4 g6 8. Bg2 Bg7 9. e5 Ng4 10. f4 Nh6 11. Bd2 O-O 12. O-O-O dxe5 13. Qxd8 Rxd8 14. fxe5 Ng4 15. Bg5 Be6 16. Bxe7 Rxd1+ 17. Rxd1 Bxe5 18. Bxb7 Rb8 19. Bd5 Bxc3 20. bxc3 Ne3 21. Bxe6 Nxd1 22. Bb3 Nxc3 23. Kd2 Ne4+ 24. Kd3 Re8 25. Bb4 Kg7 26. c4 f5 27. c5 a5 28. Ba3 Rd8+ 29. Kc4 Nd2+ 30. Kb5 Rb8+ 31. Ka4 Nxb3 32. axb3 Kf7 33. Bc1 Ke6 34. Bf4 Rb4+ 35. Kxa5 Rxb3 36. c6 Rb2 37. Ka6 h6 38. h4 g5 39. hxg5 hxg5 40. Bc1 Rc2 41. Bxg5 Rxc6+ 42. Kb5 Rc3 43. Bf4 Kd5 44. Kb4 Rc4+ 0-1

[Event "Lasker 150th Birthday Blitz"]
[Site "Berlin"]
[Date "2018.04.28"]
[Round "7"]
[White "Lagarde, Maxime"]
[Black "Buhmann, Rainer"]
[Result "1/2-1/2"]
[WhiteElo "2591"]
[BlackElo "2589"]
[PlyCount "96"]
[EventDate "2018.04.28"]
[EventType "swiss (blitz)"]
[EventRounds "8"]
[EventCountry "GER"]
[SourceTitle "Mega2018 Update 28"]
[Source "Chessbase"]
[SourceDate "2018.05.04"]
[SourceVersion "1"]
[SourceVersionDate "2018.05.04"]
[SourceQuality "1"]

1. e4 e5 2. Bc4 Nf6 3. d3 c6 4. Bb3 Be7 5. Nf3 d6 6. Nc3 Nbd7 7. a3 O-O 8. O-O Nc5 9. Ba2 Be6 10. Re1 Bxa2 11. Rxa2 Re8 12. h3 h6 13. Ne2 Bf8 14. Ng3 g6 15. Be3 Ne6 16. d4 exd4 17. Nxd4 Nxd4 18. Bxd4 Bg7 19. c4 d5 20. exd5 Rxe1+ 21. Qxe1 cxd5 22. c5 Qe8 23. Ra1 Ne4 24. Bxg7 Kxg7 25. Rd1 Qe5 26. Nxe4 dxe4 27. Qb4 Rc8 28. Qxb7 Rxc5 29. Qxa7 e3 30. fxe3 Rc2 31. Qd4 Qxd4 32. exd4 Rxb2 33. d5 Kf8 34. d6 Ke8 35. d7+ Kd8 36. Rd3 Ra2 37. Kh2 h5 38. h4 Rb2 39. Kg3 Ra2 40. Kf3 Rb2 41. g3 Rc2 42. Kf4 f6 43. Rd6 Rc4+ 44. Kf3 Rc3+ 45. Kg2 Rc2+ 46. Kh3 g5 47. hxg5 fxg5 48. Rd3 h4 1/2-1/2

[Event "Lasker 150th Birthday Blitz"]
[Site "Berlin"]
[Date "2018.04.28"]
[Round "7"]
[White "Bindrich, Falko"]
[Black "Neiksans, Arturs"]
[Result "1-0"]
[WhiteElo "2588"]
[BlackElo "2574"]
[PlyCount "73"]
[EventDate "2018.04.28"]
[EventType "swiss (blitz)"]
[EventRounds "8"]
[EventCountry "GER"]
[SourceTitle "Mega2018 Update 28"]
[Source "Chessbase"]
[SourceDate "2018.05.04"]
[SourceVersion "1"]
[SourceVersionDate "2018.05.04"]
[SourceQuality "1"]

1. d4 Nf6 2. c4 e6 3. g3 d5 4. Bg2 dxc4 5. Nf3 Nc6 6. Qa4 Bb4+ 7. Bd2 Nd5 8. Bxb4 Ndxb4 9. Ne5 Bd7 10. Nxd7 Qxd7 11. a3 Nd5 12. Qxc4 Nb6 13. Qc3 O-O-O 14. e3 e5 15. Bxc6 bxc6 16. O-O exd4 17. exd4 h5 18. Rc1 Kb7 19. Nd2 Nd5 20. Qb3+ Ka8 21. Qa4 Ne7 22. Nf3 f6 23. Rc5 Rb8 24. Ra5 Rb7 25. Re1 g5 26. b4 Nd5 27. Rc5 Ne7 28. Qb3 Nd5 29. Qc4 h4 30. Rxc6 hxg3 31. fxg3 Nb6 32. Qe6 Qh7 33. Qxf6 g4 34. Nh4 Nd5 35. Qf5 Qg8 36. Rce6 Rb8 37. Qxd5+ 1-0

[Event "Lasker 150th Birthday Blitz"]
[Site "Berlin"]
[Date "2018.04.28"]
[Round "7"]
[White "Neiksans, Arturs"]
[Black "Bindrich, Falko"]
[Result "1/2-1/2"]
[WhiteElo "2574"]
[BlackElo "2588"]
[PlyCount "232"]
[EventDate "2018.04.28"]
[EventType "swiss (blitz)"]
[EventRounds "8"]
[EventCountry "GER"]
[SourceTitle "Mega2018 Update 28"]
[Source "Chessbase"]
[SourceDate "2018.05.04"]
[SourceVersion "1"]
[SourceVersionDate "2018.05.04"]
[SourceQuality "1"]

1. e4 e5 2. Nf3 Nc6 3. Bc4 Bc5 4. c3 Nf6 5. d3 d6 6. Nbd2 O-O 7. a4 a6 8. Bb3 Ba7 9. h3 d5 10. Qe2 Be6 11. Ng5 h6 12. Nxe6 fxe6 13. O-O Qe8 14. g3 Nh5 15. Kg2 Rd8 16. Nf3 Kh8 17. Nh4 Nf6 18. Bc2 d4 19. Bd2 g5 20. Nf3 Qg6 21. Bb3 Nh5 22. Nh2 Ng7 23. Ng4 Rf7 24. cxd4 Bxd4 25. Be3 h5 26. Bxd4 exd4 27. Nh2 Rdf8 28. Bd1 e5 29. Kg1 a5 30. Bb3 Rf6 31. Rac1 Ne8 32. Rc5 b6 33. Rcc1 Nb4 34. Bc4 Nd6 35. f3 c5 36. Rf2 Kg7 37. b3 Nc8 38. Rcf1 Ne7 39. Kh1 Qh6 40. Rg1 Ng6 41. h4 gxh4 42. gxh4 Kh8 43. Rfg2 Nf4 44. Qf1 Nxg2 45. Qxg2 Nc6 46. Nf1 Rf4 47. Qh2 Ne7 48. Ng3 Ng6 49. Nf5 R8xf5 50. exf5 Rxh4 51. fxg6 Rxh2+ 52. Kxh2 Qf4+ 53. Kg2 Kg7 54. Kh3 Qxf3+ 55. Kh2 h4 56. Rg2 Qe3 57. Rg4 Qf3 58. Rxh4 Kxg6 59. Re4 Kf5 60. Rh4 Qf2+ 61. Kh3 Kg5 62. Rg4+ Kh5 63. Re4 Qf5+ 64. Kg3 Kg5 65. Kg2 Qf6 66. Kg3 Kh6 67. Rh4+ Kg5 68. Rg4+ Kf5 69. Re4 Qg7+ 70. Kf2 Qh6 71. Kf3 Qh2 72. Re2 Qh3+ 73. Kf2 Qh2+ 74. Kf3 Qg1 75. Re4 Qh1+ 76. Kf2 Qd1 77. Kg2 Qd2+ 78. Kg3 Qc2 79. Kf3 Qh2 80. Re2 Qh5+ 81. Kf2 Kg4 82. Re4+ Kh3 83. Bd5 Qf5+ 84. Ke2 Kg3 85. Bc4 Kg2 86. Ke1 Kg3 87. Kd2 Qg5+ 88. Ke2 Kg2 89. Ke1 Qc1+ 90. Ke2 Qf1+ 91. Kd2 Qf5 92. Ke2 Qg5 93. Ke1 Kf3 94. Kd1 Qg1+ 95. Kd2 Qg5+ 96. Kd1 Qh5 97. Kd2 Kf2 98. Kc2 Qg5 99. Kd1 Qh5+ 100. Kd2 Qf3 101. Kc2 Qf5 102. Kd2 Kf3 103. Bd5 Qg5+ 104. Kc2 Kf2 105. Bc4 Qf6 106. Kd2 Qf5 107. Kc2 Qh5 108. Kd2 Kf3 109. Bd5 Kg3 110. Bc4 Kf2 111. Kc2 Qh2 112. Kd1 Qg1+ 113. Kd2 Qa1 114. Rxe5 Qb2+ 115. Kd1 Qb1+ 116. Kd2 Qa2+ 1/2-1/2

[Event "Lasker 150th Birthday Blitz"]
[Site "Berlin"]
[Date "2018.04.28"]
[Round "7"]
[White "Rabiega, Robert"]
[Black "Tomashevsky, Evgeny"]
[Result "0-1"]
[WhiteElo "2514"]
[BlackElo "2714"]
[PlyCount "134"]
[EventDate "2018.04.28"]
[EventType "swiss (blitz)"]
[EventRounds "8"]
[EventCountry "GER"]
[SourceTitle "Mega2018 Update 28"]
[Source "Chessbase"]
[SourceDate "2018.05.04"]
[SourceVersion "1"]
[SourceVersionDate "2018.05.04"]
[SourceQuality "1"]

1. e4 c6 2. d4 d5 3. Nd2 dxe4 4. Nxe4 Nf6 5. Nxf6+ gxf6 6. c3 h5 7. Nf3 h4 8. h3 Bf5 9. Bd3 Bxd3 10. Qxd3 Qc7 11. Qe4 Nd7 12. Bf4 Qa5 13. a3 Qd5 14. Nd2 Qxe4+ 15. Nxe4 f5 16. Nd2 Bh6 17. Bxh6 Rxh6 18. g4 hxg3 19. fxg3 e6 20. Kf2 Ke7 21. Rae1 Rah8 22. Kg2 Nf6 23. Re2 Rg8 24. Rf1 Rhg6 25. Rxf5 Rxg3+ 26. Kh2 R3g7 27. Rf3 Nd5 28. Nc4 Nf6 29. Ne5 Nd7 30. Nd3 Kd6 31. c4 c5 32. dxc5+ Nxc5 33. Nf4 f5 34. Rd2+ Ke5 35. Nd3+ Nxd3 36. Rfxd3 f4 37. b4 Kf5 38. c5 a6 39. a4 e5 40. b5 axb5 41. axb5 Rg3 42. c6 bxc6 43. bxc6 R3g6 44. Rc3 Rc8 45. c7 Rg7 46. Rdc2 Ke6 47. Rc6+ Kd5 48. R6c5+ Kd6 49. Rc6+ Kd5 50. R6c5+ Kd4 51. R5c4+ Kd5 52. Rc5+ Ke6 53. Re2 Rg5 54. Rec2 f3 55. Rf2 Rf5 56. Rc6+ Kd5 57. Rc3 e4 58. Rfc2 Rf7 59. Kg3 f2 60. Rd2+ Ke5 61. Rc5+ Ke6 62. Rc6+ Ke5 63. Rc5+ Ke6 64. Rc6+ Ke7 65. Rxf2 Rg8+ 66. Kh2 Rxf2+ 67. Kh1 Rc8 0-1

[Event "Lasker 150th Birthday Blitz"]
[Site "Berlin"]
[Date "2018.04.28"]
[Round "8"]
[White "Tomashevsky, Evgeny"]
[Black "Fridman, Daniel"]
[Result "1-0"]
[WhiteElo "2714"]
[BlackElo "2639"]
[PlyCount "85"]
[EventDate "2018.04.28"]
[EventType "swiss (blitz)"]
[EventRounds "8"]
[EventCountry "GER"]
[SourceTitle "Mega2018 Update 28"]
[Source "Chessbase"]
[SourceDate "2018.05.04"]
[SourceVersion "1"]
[SourceVersionDate "2018.05.04"]
[SourceQuality "1"]

1. c4 e6 2. Nf3 d5 3. d4 Nf6 4. Nc3 c6 5. e3 a6 6. b3 Bb4 7. Bd2 Nbd7 8. Bd3 Qe7 9. O-O O-O 10. Rc1 b6 11. Ne2 Bd6 12. Ng3 Bb7 13. Qe2 g6 14. e4 dxc4 15. bxc4 e5 16. c5 bxc5 17. dxe5 Nxe5 18. Nxe5 Bxe5 19. f4 Bd4+ 20. Kh1 Bc8 21. e5 Ng4 22. h3 f5 23. Bc4+ Kh8 24. Qf3 Rd8 25. Ba5 Rf8 26. Bd2 Rb8 27. Rc2 Qh4 28. Ne2 Nf2+ 29. Kh2 Ne4 30. Be1 Qe7 31. Ng3 Rb1 32. Ba5 Rxf1 33. Bxf1 Qh4 34. Ne2 Be6 35. Nxd4 cxd4 36. Rxc6 Bd5 37. Rc7 Nf6 38. Qe2 Ng4+ 39. Kg1 d3 40. Qd2 Rb8 41. Bc3 Qd8 42. e6+ Kg8 43. Rg7+ 1-0

[Event "Lasker 150th Birthday Blitz"]
[Site "Berlin"]
[Date "2018.04.28"]
[Round "8"]
[White "Fridman, Daniel"]
[Black "Tomashevsky, Evgeny"]
[Result "0-1"]
[WhiteElo "2639"]
[BlackElo "2714"]
[PlyCount "83"]
[EventDate "2018.04.28"]
[EventType "swiss (blitz)"]
[EventRounds "8"]
[EventCountry "GER"]
[SourceTitle "Mega2018 Update 28"]
[Source "Chessbase"]
[SourceDate "2018.05.04"]
[SourceVersion "1"]
[SourceVersionDate "2018.05.04"]
[SourceQuality "1"]

1. Nf3 d5 2. c4 c6 3. e3 Nf6 4. Nc3 a6 5. Qc2 g6 6. b3 Bg7 7. Bb2 O-O 8. h3 b5 9. g4 bxc4 10. bxc4 a5 11. Rc1 Na6 12. d4 dxc4 13. Ne5 Nb4 14. Qd2 Nd7 15. Nxc4 Ba6 16. a3 Nd5 17. Nxd5 cxd5 18. Nxa5 Bxf1 19. Nc6 Qe8 20. Kxf1 f5 21. Qb4 Rf7 22. gxf5 Nf6 23. fxg6 hxg6 24. Kg2 Ne4 25. Rhf1 Qd7 26. f4 Bf6 27. Ne5 Bxe5 28. dxe5 Rh7 29. Rh1 g5 30. Rcg1 gxf4 31. exf4 Kf7 32. Qd4 Rc8 33. Rc1 Rg8+ 34. Kf1 Ng3+ 35. Kf2 Ne4+ 36. Ke1 Rg2 37. Kf1 Rg3 38. h4 Qb5+ 39. Ke1 Rg2 40. e6+ Kg6 41. h5+ Kh6 42. f5 0-1

[Event "Lasker 150th Birthday Blitz"]
[Site "Berlin"]
[Date "2018.04.28"]
[Round "8"]
[White "Volokitin, Andrei"]
[Black "Postny, Evgeny"]
[Result "0-1"]
[WhiteElo "2632"]
[BlackElo "2575"]
[PlyCount "118"]
[EventDate "2018.04.28"]
[EventType "swiss (blitz)"]
[EventRounds "8"]
[EventCountry "GER"]
[SourceTitle "Mega2018 Update 28"]
[Source "Chessbase"]
[SourceDate "2018.05.04"]
[SourceVersion "1"]
[SourceVersionDate "2018.05.04"]
[SourceQuality "1"]

1. e4 e5 2. Nf3 Nc6 3. Bb5 a6 4. Ba4 Nf6 5. O-O Be7 6. Re1 b5 7. Bb3 d6 8. c3 Na5 9. Bc2 c5 10. d4 Qc7 11. d5 O-O 12. b3 Bd7 13. h3 c4 14. b4 Nb7 15. a4 Rfb8 16. Be3 Nd8 17. Qe2 Ne8 18. Nbd2 f6 19. Ra3 Nf7 20. Rea1 Qc8 21. Nf1 g6 22. g4 Ng7 23. Ng3 Ng5 24. Kh2 Kh8 25. Nd2 Qe8 26. f4 exf4 27. Bxf4 Nf7 28. Nf3 Ne5 29. Nd4 Qc8 30. Bh6 Nf7 31. Bxg7+ Kxg7 32. axb5 axb5 33. Ra7 Rxa7 34. Rxa7 Ra8 35. Ne6+ Kg8 36. Rc7 Qe8 37. Bd1 Bd8 38. Rb7 Bc8 39. Nxd8 Qxd8 40. Rxb5 Ne5 41. Qf2 Bd7 42. Rb6 Ra2 43. Qxa2 Qxb6 44. Qe2 Nd3 45. Bc2 Ne5 46. Kg2 Qa7 47. Qf2 Qa2 48. Bd1 Qa1 49. Qd2 Kg7 50. Be2 Ba4 51. Qd4 Bc2 52. Qb6 Qb2 53. Qxd6 Bxe4+ 54. Kf2 Bd3 55. Qe7+ Nf7 56. Qe3 Qxc3 57. b5 Qb2 58. b6 Ne5 59. Qd4 Qxd4+ 0-1

[Event "Lasker 150th Birthday Blitz"]
[Site "Berlin"]
[Date "2018.04.28"]
[Round "8"]
[White "Van Foreest, Jorden"]
[Black "Bindrich, Falko"]
[Result "1-0"]
[WhiteElo "2631"]
[BlackElo "2588"]
[PlyCount "113"]
[EventDate "2018.04.28"]
[EventType "swiss (blitz)"]
[EventRounds "8"]
[EventCountry "GER"]
[SourceTitle "Mega2018 Update 28"]
[Source "Chessbase"]
[SourceDate "2018.05.04"]
[SourceVersion "1"]
[SourceVersionDate "2018.05.04"]
[SourceQuality "1"]

1. e4 e5 2. Nf3 Nc6 3. Bc4 Bc5 4. d3 Nf6 5. c3 d6 6. O-O a6 7. a4 h6 8. Be3 O-O 9. Nbd2 Re8 10. Bxc5 dxc5 11. a5 Qd6 12. Qb3 Be6 13. Bxe6 Qxe6 14. Nc4 Rab8 15. Qa3 Nxe4 16. Rfe1 Nf6 17. Qxc5 e4 18. Nfd2 b5 19. axb6 cxb6 20. Nxb6 Ne5 21. Nxe4 Qxb6 22. Qxb6 Rxb6 23. Nxf6+ gxf6 24. d4 Rxb2 25. dxe5 Rxe5 26. Rxe5 fxe5 27. Kf1 Rc2 28. Rxa6 Rxc3 29. Rxh6 Kg7 30. Rd6 Rc2 31. h4 f6 32. g3 Kg6 33. Kg2 Rc4 34. Kh3 Rc2 35. Kg2 Rc4 36. Rd3 Ra4 37. Rb3 Rc4 38. Kf3 Ra4 39. g4 Ra1 40. Rb8 Ra3+ 41. Kg2 Ra4 42. h5+ Kf7 43. Rb7+ Ke6 44. Rg7 Ra8 45. h6 Rh8 46. h7 e4 47. Kg3 Ke5 48. Ra7 f5 49. g5 f4+ 50. Kg4 e3 51. fxe3 fxe3 52. Re7+ Kd6 53. Rxe3 Rxh7 54. g6 Rh1 55. Kg5 Kd7 56. g7 Rg1+ 57. Kf6 1-0

[Event "Lasker 150th Birthday Blitz"]
[Site "Berlin"]
[Date "2018.04.28"]
[Round "8"]
[White "Lagarde, Maxime"]
[Black "Huschenbeth, Niclas"]
[Result "0-1"]
[WhiteElo "2591"]
[BlackElo "2560"]
[PlyCount "65"]
[EventDate "2018.04.28"]
[EventType "swiss (blitz)"]
[EventRounds "8"]
[EventCountry "GER"]
[SourceTitle "Mega2018 Update 28"]
[Source "Chessbase"]
[SourceDate "2018.05.04"]
[SourceVersion "1"]
[SourceVersionDate "2018.05.04"]
[SourceQuality "1"]

1. e4 c5 2. Nf3 d6 3. d4 cxd4 4. Nxd4 Nf6 5. Nc3 a6 6. h4 e5 7. Nb3 Be6 8. Bg5 Nbd7 9. a4 Rc8 10. h5 h6 11. Bh4 Be7 12. Bd3 d5 13. f3 Bb4 14. O-O Qb6+ 15. Bf2 d4 16. Ne2 Nxh5 17. f4 Bxb3 18. cxb3 Nxf4 19. Nxf4 exf4 20. e5 Nxe5 21. Bf5 Rd8 22. Qe2 Qf6 23. Be4 d3 24. Qh5 O-O 25. Kh1 d2 26. Bh4 g5 27. Bf2 Nd3 28. Bg1 Nxb2 29. g3 d1=Q 30. Raxd1 Rxd1 31. Rxd1 Nxd1 32. Bd3 Qd8 33. Qxd1 0-1

[Event "Lasker 150th Birthday Blitz"]
[Site "Berlin"]
[Date "2018.04.28"]
[Round "8"]
[White "Bindrich, Falko"]
[Black "Van Foreest, Jorden"]
[Result "0-1"]
[WhiteElo "2588"]
[BlackElo "2631"]
[PlyCount "56"]
[EventDate "2018.04.28"]
[EventType "swiss (blitz)"]
[EventRounds "8"]
[EventCountry "GER"]
[SourceTitle "Mega2018 Update 28"]
[Source "Chessbase"]
[SourceDate "2018.05.04"]
[SourceVersion "1"]
[SourceVersionDate "2018.05.04"]
[SourceQuality "1"]

1. d4 d5 2. c4 c6 3. Nc3 Nf6 4. e3 g6 5. Nf3 Bg7 6. Be2 O-O 7. O-O e6 8. Bd2 b6 9. Rc1 Bb7 10. b4 dxc4 11. Bxc4 Nbd7 12. a4 Qe7 13. Qb3 Rab8 14. Rfd1 Rfd8 15. e4 c5 16. Bf4 cxb4 17. Bxb8 Rxb8 18. e5 Bxf3 19. exf6 Bxd1 20. Rxd1 Nxf6 21. Ne2 a5 22. Nf4 Qd6 23. g3 Bh6 24. Nd3 Ne4 25. Ne5 Nc3 26. Rd3 Ne2+ 27. Kg2 Nxd4 28. Ng4 Bg7 0-1

[Event "Lasker 150th Birthday Blitz"]
[Site "Berlin"]
[Date "2018.04.28"]
[Round "8"]
[White "Tomczak, Jacek"]
[Black "Meskovs, Nikita"]
[Result "1/2-1/2"]
[WhiteElo "2583"]
[BlackElo "2513"]
[PlyCount "180"]
[EventDate "2018.04.28"]
[EventType "swiss (blitz)"]
[EventRounds "8"]
[EventCountry "GER"]
[SourceTitle "Mega2018 Update 28"]
[Source "Chessbase"]
[SourceDate "2018.05.04"]
[SourceVersion "1"]
[SourceVersionDate "2018.05.04"]
[SourceQuality "1"]

1. e4 e5 2. Nf3 Nc6 3. d4 exd4 4. Nxd4 Bc5 5. Nb3 Bb6 6. Nc3 a5 7. Bb5 Qh4 8. g3 Qh3 9. Bf1 Qe6 10. a4 Nb4 11. Bg2 h5 12. Qe2 h4 13. Bf4 Ne7 14. O-O-O Ng6 15. Be3 h3 16. Bf3 Bxe3+ 17. Qxe3 Ne5 18. Be2 d6 19. Nd4 Qe7 20. f4 Ng4 21. Qf3 c6 22. Bc4 Nf6 23. Rde1 Bg4 24. Qf2 O-O 25. e5 Nfd5 26. Nxd5 cxd5 27. Bb3 Rfc8 28. Kb1 dxe5 29. Rxe5 Qf6 30. Rhe1 Rd8 31. Rg5 Bd7 32. Qf3 Re8 33. Rge5 Rxe5 34. Rxe5 Re8 35. Bxd5 Rxe5 36. fxe5 Qxf3 37. Bxf3 Bxa4 38. Bxb7 Bd7 39. Be4 Na6 40. b3 Nc5 41. Bf3 Kf8 42. Kb2 Ke7 43. Kc3 f6 44. Kc4 Ne6 45. Nf5+ Kf7 46. exf6 Kxf6 47. Ne3 Ng5 48. Bb7 Be8 49. Kd3 Bg6+ 50. Kd4 Ne6+ 51. Kc4 Ke5 52. c3 Bh5 53. Kb5 Be2+ 54. Kxa5 Nc5 55. Bd5 Ne4 56. c4 Nd2 57. Kb4 Kd4 58. Nf5+ Ke5 59. Kc3 Nf1 60. Nd4 Bg4 61. Bf3 Bd7 62. c5 Nxh2 63. Bh1 Ng4 64. b4 Nf2 65. Bf3 h2 66. b5 Ne4+ 67. Kb4 Kxd4 68. c6 Be8 69. Ka5 Nd6 70. b6 Ke3 71. Bh1 Bxc6 72. Bxc6 Ne4 73. b7 h1=Q 74. b8=Q Qa1+ 75. Ba4 Qc3+ 76. Qb4 Qxb4+ 77. Kxb4 Nxg3 78. Kc5 g5 79. Bd7 Ne4+ 80. Kc4 Nf6 81. Bc8 Nh5 82. Kd5 Kf4 83. Kd4 Ng3 84. Bh3 Ne2+ 85. Kd3 Ng1 86. Bc8 Nf3 87. Ke2 Kg3 88. Ke3 Nh2 89. Bd7 g4 90. Bxg4 Nf3 1/2-1/2

[Event "Lasker 150th Birthday Blitz"]
[Site "Berlin"]
[Date "2018.04.28"]
[Round "8"]
[White "Postny, Evgeny"]
[Black "Volokitin, Andrei"]
[Result "1/2-1/2"]
[WhiteElo "2575"]
[BlackElo "2632"]
[PlyCount "74"]
[EventDate "2018.04.28"]
[EventType "swiss (blitz)"]
[EventRounds "8"]
[EventCountry "GER"]
[SourceTitle "Mega2018 Update 28"]
[Source "Chessbase"]
[SourceDate "2018.05.04"]
[SourceVersion "1"]
[SourceVersionDate "2018.05.04"]
[SourceQuality "1"]

1. d4 Nf6 2. c4 e6 3. Nf3 d5 4. Nc3 c5 5. cxd5 Nxd5 6. e4 Nxc3 7. bxc3 cxd4 8. cxd4 Bb4+ 9. Bd2 Bxd2+ 10. Qxd2 O-O 11. Bc4 Nd7 12. O-O b6 13. a4 Bb7 14. Rfe1 Nf6 15. Bd3 h6 16. a5 bxa5 17. Rxa5 Qc7 18. Rc1 Qe7 19. Qe1 a6 20. h3 Rfc8 21. Rxc8+ Rxc8 22. Qb1 Rc3 23. Rc5 Rxc5 24. dxc5 Qc7 25. Qb4 Nd7 26. c6 Qxc6 27. Qe7 Qc1+ 28. Kh2 Nc5 29. Qe8+ Kh7 30. Qxf7 Nxd3 31. Qxb7 Nxf2 32. Qxa6 Qh1+ 33. Kg3 Nxe4+ 34. Kf4 Nc5 35. Qc4 e5+ 36. Kg3 e4 37. Qxc5 exf3 1/2-1/2